000 01027cam a2200265 a 4500
999 _c28298
_d28298
001 3907702
005 20170228111359.0
008 911114s1992 nyu b 001 0 eng
010 _a 91043630
020 _a0814450520 :
_c$27.95
040 _aDLC
_cDLC
_dDLC
050 0 0 _aHD4928.G34
_bD688 1992
082 0 0 _a658.3/225
_220
100 1 _aDoyle, Robert J.,
_d1931-
245 1 0 _aGain management :
_ba process for building teamwork, productivity & profitability throughout your organization /
_cRobert J. Doyle and Paul I. Doyle.
260 _aNew York, NY :
_bAMACOM,
_cc1992.
300 _axv, 335 p. ;
_c24 cm.
504 _aIncludes bibliographical references (p. 323-324) and index.
650 0 _aGain sharing.
700 1 _aDoyle, Paul I.
740 0 _aGain management.
906 _a7
_bcbc
_corignew
_d1
_eocip
_f19
_gy-gencatlg
942 _2lcc
_cBOOKS
_hHD 4928 .G34D688 1992